Loreto College Library, Kolkata
WEBOPAC (ONLINE PUBLIC ACCESS CATALOGUE)

History of the Bengali people (Record no. 40810)

MARC details
000 -LEADER
fixed length control field 00600nam a22002057a 4500
005 - DATE AND TIME OF LATEST TRANSACTION
control field 20221128110357.0
008 - FIXED-LENGTH DATA ELEMENTS--GENERAL INFORMATION
fixed length control field 161214b xxu||||| |||| 00| 0 eng d
020 ## - ISBN | অাই এস বি এন
ISBN | অাই এস বি এন 0863113788
040 ## - CATALOGING SOURCE
Original cataloging agency Loreto College
041 ## - LANGUAGE CODE
Language code English
082 ## - DDC | ডিউই
Classification number | বর্গসংখ্যা 954.14
Book Number | গ্রন্থাঙ্ক RAY
100 ## - MAIN ENTRY--PERSONAL NAME | মুখ্য সংলেখ - ব্যাক্তিনাম
Personal name | ব্যাক্তিনাম Ray, Niharranjan
245 ## - TITLE STATEMENT | অাখ্যা বিবরণী
Title | অাখ্যা History of the Bengali people
Sub title | উপঅাখ্যা (Ancient period)
Statement of responsibility | লেখকের দায়িত্বের বিবরণ Niharranjan Ray;translated with an introduction by John W. Hood
260 ## - IMPRINT | প্রকাশনা ক্ষেত্র
Place of publication | প্রকাশ স্থান Hyderabad
Name of publisher | প্রকাশকের নাম Orient Longman
Date of publication | প্রকাশ কাল 2014
300 ## - PHYSICAL DESCRIPTION |
Page / Vol. No | পৃষ্ঠা / খন্ড সংখ্যা xxxv,613p
Other physical details | অনান্য বাহ্যিক বিবরণ 22cm
504 ## - BIBLIOGRAPHY, ETC. NOTE
Bibliography, etc Includes index
650 ## - SUBJECT ADDED ENTRY--TOPICAL TERM | বিষয় শিরোনাম - মূল বিষয়
Topical term | মূল বিষয় Bengal,ancient-History
850 ## - HOLDING INSTITUTION
Holding institution LCLIB
942 ## - ADDED ENTRY ELEMENTS (KOHA)
Koha item type Books
Holdings
Withdrawn status Lost status Source of classification Damaged status Not for loan Home library Current library Date acquired Total Checkouts Full call number Accession No. Date last seen Date checked out Price effective from Koha item type Coded location qualifier
    Dewey Decimal Classification     Loreto College Loreto College 14/12/2016 4 954.14 RAY 39004 44499 13/11/2017 13/11/2017 14/12/2016 Books